Countries That Border Ukraine - Statistics

General Stats
  • This quiz has been taken 494 times
  • The average score is 7 of 7
Answer Stats
Border Length (km) Border Length (mi) Country % Correct
2,295 1,426 Russia
100%
1,084 673 Belarus
97%
618 381 Romania
94%
535 332 Poland
93%
1,222 759 Moldova
91%
136 84 Hungary
89%
97 60 Slovakia
86%
No matching quizzes found
Score Distribution
Percent of People with Each Score
Percentile by Number Answered
Your Score History
You have not taken this quiz